000
00348pam a2200157a 44500
008
230515b2000 xxu||||| |||| 00| 0 eng d
020
_a
NULL
041
_a
ENGL
082
_a
/CHA
100
_a
CHAVAN D. K.
245
_a
ELEMENTS OF MECHANICAL ENGINEERING
250
_a
N.D.
260
_a
NULL
_b
TECHN
_c
2000
300
_a
PB
650
_a
NULL
999
_c
659293
_d
659293